ბათუმის შოთა რუსთაველის სახელმწიფო უნივერსიტეტის ბიბლიოთეკა

Fehler und Fehlerkorrektur (ბიბ.ჩანაწერი № 51553)

000 -LEADER
fixed length control field 00725nam a2200265Ia 4500
001 - CONTROL NUMBER
control field 18544
003 - CONTROL NUMBER IDENTIFIER
control field GE_BSU
008 - FIXED-LENGTH DATA ELEMENTS--GENERAL INFORMATION
fixed length control field 181216s||||||||xx |||||||||||||| ||und||
020 ## - INTERNATIONAL STANDARD BOOK NUMBER
International Standard Book Number 978-3468496561
040 ## - CATALOGING SOURCE
Transcribing agency GE_BSU
080 ## - UNIVERSAL DECIMAL CLASSIFICATION NUMBER
Universal Decimal Classification number 811.112(076.1)
100 ## - MAIN ENTRY--PERSONAL NAME
Personal name Kleppin, Karin .
245 ## - TITLE STATEMENT
Title Fehler und Fehlerkorrektur
245 ## - TITLE STATEMENT
Remainder of title Fernstudieneinheit 19
260 ## - PUBLICATION, DISTRIBUTION, ETC.
Place of publication, distribution, etc. Berlin-Munchen
260 ## - PUBLICATION, DISTRIBUTION, ETC.
Name of publisher, distributor, etc. Langenscheidt
260 ## - PUBLICATION, DISTRIBUTION, ETC.
Date of publication, distribution, etc. 1997.
300 ## - PHYSICAL DESCRIPTION
Extent 152p;ill,29cm.
653 ## - INDEX TERM--UNCONTROLLED
Uncontrolled term Fehler und Fehlerkorrektur
653 ## - INDEX TERM--UNCONTROLLED
Uncontrolled term Fernstudienangebot Germanistik Deutsch als Fremdsprache
653 ## - INDEX TERM--UNCONTROLLED
Uncontrolled term grammar
653 ## - INDEX TERM--UNCONTROLLED
Uncontrolled term გერმანული ენა (გრამატიკა)
942 ## - ADDED ENTRY ELEMENTS (KOHA)
Koha item type წიგნი
ეგზემპლარები
Withdrawn status Lost status Damaged status Not for loan Date acquired Barcode Date last seen Price effective from Koha item type
        2018-12-17 47951 2018-12-17 2018-12-17 წიგნი